[Event "Copenhagen Chess Challenge 2012"]
[Site "Ballerup"]
[Date "2012.??.??"]
[Round "3"]
[White "Fries Nielsen, Jens Ove"]
[Black "Stefansson, Hannes"]
[Result "1/2-1/2"]
[WhiteElo "2363"]
[BlackElo "2516"]
[PlyCount "48"]
[EventDate "2012.??.??"]
[EventType "swiss"]
[EventRounds "9"]
[EventCountry "DEN"]

1. e4 e5 2. Nf3 Nc6 3. Bb5 a6 4. Ba4 Nge7 5. c4 g6 6. d3 Bg7 7. Nc3 d6 8. Nd5
h6 9. h4 Bg4 10. Ne3 Bd7 11. h5 Nd4 12. Bxd7+ Qxd7 13. hxg6 fxg6 14. Nxd4 exd4
15. Nd5 h5 16. Bg5 Nxd5 17. cxd5 c6 18. dxc6 bxc6 19. Qb3 Qf7 20. Qc2 c5 21.
Qa4+ Qd7 22. Qb3 Qf7 23. Qa4+ Qd7 24. Qb3 Qf7 1/2-1/2

[Event "Copenhagen Chess Challenge 2012"]
[Site "Ballerup"]
[Date "2012.??.??"]
[Round "3"]
[White "Danielsen, Henrik"]
[Black "Ziska, Helgi Dam"]
[Result "0-1"]
[WhiteElo "2498"]
[BlackElo "2450"]
[PlyCount "96"]
[EventDate "2012.??.??"]
[EventType "swiss"]
[EventRounds "9"]
[EventCountry "DEN"]

1. g3 g6 2. Bg2 Bg7 3. c4 Nf6 4. Nc3 d6 5. Nf3 O-O 6. O-O e5 7. d4 Nbd7 8. h3
exd4 9. Nxd4 Nb6 10. b3 d5 11. c5 Nbd7 12. c6 Ne5 13. cxb7 Bxb7 14. Ba3 Re8 15.
Rc1 a6 16. Na4 Ne4 17. Kh2 h5 18. e3 a5 19. Qc2 Rc8 20. Nc5 Nxc5 21. Bxc5 Nd7
22. Ba3 c5 23. Ne2 Qb6 24. Nf4 d4 25. Rfd1 Bxg2 26. Nxg2 Qb7 27. exd4 cxd4 28.
Qd2 Ne5 29. Ne1 Rxc1 30. Bxc1 h4 31. Qe2 hxg3+ 32. fxg3 Qc6 33. Qg2 Qb5 34. Kh1
a4 35. bxa4 Qxa4 36. Qc2 Qa6 37. Qf2 Qe6 38. Kh2 Qc4 39. Kh1 d3 40. Bf4 Qa4 41.
Rc1 Rd8 42. Qg2 Nc4 43. Qe4 Rd4 44. Qb7 d2 45. Bxd2 Nxd2 46. Rc8+ Kh7 47. Qxf7
Qd1 48. Re8 Rd8 0-1

[Event "Copenhagen Chess Challenge 2012"]
[Site "Ballerup"]
[Date "2012.??.??"]
[Round "3"]
[White "Westerinen, Heikki"]
[Black "Brynell, Stellan"]
[Result "1/2-1/2"]
[WhiteElo "2335"]
[BlackElo "2489"]
[PlyCount "50"]
[EventDate "2012.??.??"]
[EventType "swiss"]
[EventRounds "9"]
[EventCountry "DEN"]

1. e4 e6 2. d4 d5 3. Nd2 c5 4. exd5 exd5 5. Ngf3 a6 6. Be2 Nf6 7. O-O Bd6 8.
dxc5 Bxc5 9. Nb3 Bb6 10. Bg5 O-O 11. c4 dxc4 12. Bxc4 Qxd1 13. Raxd1 Nc6 14.
Bxf6 gxf6 15. h3 Be6 16. Bxe6 fxe6 17. Rd6 Rfe8 18. Re1 Kf7 19. Nfd2 Rad8 20.
Nc4 Bc7 21. Rxd8 Rxd8 22. Nc5 Ne5 23. Nxb7 Rb8 24. Nxe5+ Bxe5 25. Nc5 Rxb2
1/2-1/2

[Event "Copenhagen Chess Challenge 2012"]
[Site "Ballerup"]
[Date "2012.??.??"]
[Round "3"]
[White "Pedersen, Nicolai Vesterbaek"]
[Black "Andersen, Mads"]
[Result "1-0"]
[WhiteElo "2465"]
[BlackElo "2431"]
[PlyCount "77"]
[EventDate "2012.??.??"]
[EventType "swiss"]
[EventRounds "9"]
[EventCountry "DEN"]

1. Nf3 Nf6 2. c4 g6 3. Nc3 d5 4. cxd5 Nxd5 5. d3 Bg7 6. Bd2 Nc6 7. g3 O-O 8.
Bg2 e5 9. O-O Nb6 10. Ne4 Re8 11. Rc1 Nd5 12. Qb3 Nce7 13. Nc5 b6 14. e4 bxc5
15. exd5 Ba6 16. Rxc5 e4 17. dxe4 Bxf1 18. Bxf1 Nc8 19. Bb5 Rb8 20. Qc2 Re7 21.
b4 a5 22. bxa5 Nd6 23. Bd3 Rb2 24. Qa4 Qb8 25. a6 f5 26. exf5 gxf5 27. Bc1 Rb6
28. Bg5 Rf7 29. Bf4 Qa7 30. Rc6 Rb2 31. Be3 Qa8 32. Ng5 f4 33. Bxh7+ Kh8 34.
Nxf7+ Nxf7 35. Qxf4 Ne5 36. Be4 Nxc6 37. Qh4+ Kg8 38. Qh7+ Kf7 39. Qg6+ 1-0

[Event "Copenhagen Chess Challenge 2012"]
[Site "Ballerup"]
[Date "2012.??.??"]
[Round "3"]
[White "Hector, Jonny"]
[Black "Jacobsen, Bo"]
[Result "1-0"]
[WhiteElo "2560"]
[BlackElo "2337"]
[PlyCount "49"]
[EventDate "2012.??.??"]
[EventType "swiss"]
[EventRounds "9"]
[EventCountry "DEN"]

1. e4 e5 2. Nc3 Nf6 3. f4 d5 4. fxe5 Nxe4 5. Nf3 c5 6. Bb5+ Nc6 7. O-O Be7 8.
Qe1 Bf5 9. Ne2 Bg6 10. Nf4 Ng5 11. Nxg5 Bxg5 12. Nxg6 hxg6 13. Qf2 Qe7 14. b3
Rc8 15. Ba3 b6 16. d4 O-O 17. Rad1 Rfd8 18. c4 Na5 19. dxc5 d4 20. Rxd4 Rxd4
21. Qxd4 Rd8 22. Qc3 bxc5 23. Qxa5 Bd2 24. Qa6 Qxe5 25. Qb7 1-0

[Event "Copenhagen Chess Challenge 2012"]
[Site "Ballerup"]
[Date "2012.??.??"]
[Round "3"]
[White "Haub, Thorsten Michael"]
[Black "Fries Nielsen, Niels Jorgen"]
[Result "1/2-1/2"]
[WhiteElo "2476"]
[BlackElo "2326"]
[PlyCount "53"]
[EventDate "2012.??.??"]
[EventType "swiss"]
[EventRounds "9"]
[EventCountry "DEN"]

1. g3 g6 2. Bg2 Bg7 3. d3 e6 4. Nf3 Ne7 5. O-O O-O 6. e4 d5 7. Nbd2 Nbc6 8. Re1
dxe4 9. dxe4 e5 10. c3 h6 11. Qe2 Be6 12. b4 a6 13. a4 Qd7 14. Ba3 Rfd8 15. Bf1
g5 16. Red1 Qe8 17. Ne1 Ng6 18. Nc2 Na7 19. Bb2 Nc8 20. a5 Nd6 21. Ne3 Nb5 22.
Qh5 Ne7 23. Ng4 Kh7 24. c4 Nd4 25. Bxd4 Rxd4 26. Nf3 Bxg4 27. Qxg4 1/2-1/2

[Event "Copenhagen Chess Challenge 2012"]
[Site "Ballerup"]
[Date "2012.??.??"]
[Round "3"]
[White "Semcesen, Daniel"]
[Black "Akdag, Dara"]
[Result "1-0"]
[WhiteElo "2461"]
[BlackElo "2264"]
[PlyCount "57"]
[EventDate "2012.??.??"]
[EventType "swiss"]
[EventRounds "9"]
[EventCountry "DEN"]

1. d4 Nf6 2. c4 c5 3. d5 g6 4. Nc3 Bg7 5. e4 O-O 6. Nge2 d6 7. Ng3 Na6 8. Be2
Nc7 9. O-O e5 10. Bg5 h6 11. Be3 Kh7 12. a3 Nfe8 13. f4 exf4 14. Bxf4 Qe7 15.
Qd2 Nf6 16. Rae1 Nd7 17. Nd1 Ne5 18. Nf2 Bd7 19. b3 b5 20. Nd3 Nxd3 21. Bxd3
Rfe8 22. Qa5 Bg4 23. cxb5 Bd4+ 24. Kh1 Rab8 25. Bxd6 Qxd6 26. Rxf7+ Kg8 27.
Qxc7 Qxc7 28. Rxc7 a6 29. Rc6 1-0

[Event "Copenhagen Chess Challenge 2012"]
[Site "Ballerup"]
[Date "2012.??.??"]
[Round "3"]
[White "Bromann, Thorbjorn"]
[Black "Thuesen, Mogens Henrik"]
[Result "1-0"]
[WhiteElo "2411"]
[BlackElo "2242"]
[PlyCount "117"]
[EventDate "2012.??.??"]
[EventType "swiss"]
[EventRounds "9"]
[EventCountry "DEN"]

1. d4 Nf6 2. Nc3 e6 3. e4 d5 4. e5 Nfd7 5. Nf3 c5 6. dxc5 Nc6 7. Bf4 Nxc5 8. a3
Be7 9. b4 g5 10. Bg3 Nd7 11. b5 Na5 12. Qd4 Qb6 13. Qd2 Qc5 14. Nxd5 Qxd5 15.
Qxa5 g4 16. Nd2 Nxe5 17. Qc3 Bf6 18. O-O-O Nd7 19. Qc4 Nb6 20. Qxd5 exd5 21.
Nb3 Na4 22. Re1+ Be6 23. Be5 Ke7 24. Bd3 Bxe5 25. Rxe5 Kf6 26. Rh5 h6 27. f3
Rag8 28. Rf1 Ke7 29. f4 f6 30. Nd4 Nc5 31. Re1 Kd6 32. g3 Nxd3+ 33. cxd3 Bd7
34. Kd2 Rc8 35. a4 Rcf8 36. Kc3 Rc8+ 37. Kb4 Rcf8 38. Re2 Rc8 39. Re1 Rcf8 40.
Nb3 Be8 41. Rh4 h5 42. Nc5 b6 43. Re6+ Kc7 44. Na6+ Kc8 45. Rd6 Bg6 46. Kc3 d4+
47. Rxd4 Rd8 48. Rc4+ Kb7 49. Nb4 Rd6 50. Rc6 Rxc6+ 51. bxc6+ Kc7 52. Nd5+ Kd6
53. Nxf6 Kxc6 54. Nxg4 Rc8 55. Ne5+ Kd5+ 56. Nc4 a6 57. Kd2 Rb8 58. f5 Be8 59.
Re4 1-0

[Event "Copenhagen Chess Challenge 2012"]
[Site "Ballerup"]
[Date "2012.??.??"]
[Round "3"]
[White "Matthiesen, Martin"]
[Black "Christensen, Tobias"]
[Result "0-1"]
[WhiteElo "2310"]
[BlackElo "2363"]
[PlyCount "98"]
[EventDate "2012.??.??"]
[EventType "swiss"]
[EventRounds "9"]
[EventCountry "DEN"]

1. d4 d5 2. c4 dxc4 3. Nf3 Nf6 4. e3 e6 5. Bxc4 c5 6. O-O a6 7. Bd3 Be7 8. dxc5
Bxc5 9. Qe2 Nc6 10. Nbd2 Nb4 11. Bb1 Bd7 12. Nc4 Bb5 13. a3 Qd5 14. b3 Nc6 15.
Rd1 Bxc4 16. bxc4 Qh5 17. Bd3 O-O 18. Bb2 Rac8 19. h3 Be7 20. e4 e5 21. Nxe5
Qxe2 22. Bxe2 Nxe5 23. Bxe5 Nxe4 24. Bd3 Nc5 25. Bf5 Rcd8 26. Bc7 Rxd1+ 27.
Rxd1 g6 28. Bg4 f5 29. Bf3 Ne4 30. a4 Rc8 31. Rd7 Kf8 32. Bxe4 fxe4 33. Bf4
Rxc4 34. Rxb7 Rxa4 35. Rb8+ Kf7 36. Rb7 Ra1+ 37. Kh2 Ke6 38. Be3 a5 39. Rb6+
Kd5 40. g3 a4 41. Rb7 Bd6 42. Rxh7 a3 43. Rd7 Kc6 44. Ra7 Bc5 45. Bxc5 Kxc5 46.
h4 Kb4 47. g4 Rd1 48. Ra6 Rd5 49. Rxg6 a2 0-1

[Event "Copenhagen Chess Challenge 2012"]
[Site "Ballerup"]
[Date "2012.??.??"]
[Round "3"]
[White "Hagen, Andreas Skytte"]
[Black "Minko, Vladimir"]
[Result "1/2-1/2"]
[WhiteElo "2445"]
[BlackElo "2188"]
[PlyCount "71"]
[EventDate "2012.??.??"]
[EventType "swiss"]
[EventRounds "9"]
[EventCountry "DEN"]

1. c4 c5 2. g3 g6 3. Bg2 Bg7 4. Nc3 Nc6 5. Nf3 e6 6. d3 Nge7 7. Bg5 h6 8. Bd2
d5 9. a3 b6 10. Rb1 dxc4 11. dxc4 Bb7 12. O-O Nf5 13. b4 cxb4 14. axb4 O-O 15.
c5 bxc5 16. bxc5 Na5 17. Nb5 Nc4 18. Bc3 Bxc3 19. Nxc3 Bxf3 20. Bxf3 Rc8 21.
Ne4 Qxd1 22. Rfxd1 Ne5 23. Bg2 Rfd8 24. Rdc1 Rc7 25. Rb2 h5 26. Ra1 Rdc8 27.
Rba2 Nd7 28. Rxa7 Nxc5 29. Rxc7 Rxc7 30. Nxc5 Rxc5 31. Be4 Kg7 32. Kg2 Re5 33.
Bd3 Rc5 34. h3 Ne7 35. Be4 Nd5 36. Bxd5 1/2-1/2

[Event "Copenhagen Chess Challenge 2012"]
[Site "Ballerup"]
[Date "2012.??.??"]
[Round "3"]
[White "Yildiz, Hasan"]
[Black "Svane, Rasmus"]
[Result "0-1"]
[WhiteElo "2032"]
[BlackElo "2390"]
[PlyCount "48"]
[EventDate "2012.??.??"]
[EventType "swiss"]
[EventRounds "9"]
[EventCountry "DEN"]

1. Nf3 d5 2. d3 Nf6 3. g3 c6 4. Bg2 Bg4 5. O-O Nbd7 6. Bg5 e6 7. Nbd2 Bd6 8.
Re1 h6 9. Bxf6 Qxf6 10. c3 h5 11. h3 Bxf3 12. Nxf3 g5 13. e4 g4 14. hxg4 hxg4
15. Nh2 Rxh2 16. Kxh2 Qxf2 17. Qe2 Qxg3+ 18. Kg1 Ne5 19. Red1 Nf3+ 20. Kf1 Nh2+
21. Kg1 Bf4 22. Re1 Nf3+ 23. Kf1 Nd2+ 24. Kg1 Qh2+ 0-1

[Event "Copenhagen Chess Challenge 2012"]
[Site "Ballerup"]
[Date "2012.??.??"]
[Round "3"]
[White "Jorgensen, Carina Eilegaard"]
[Black "Sylvan, Jacob"]
[Result "0-1"]
[WhiteElo "2028"]
[BlackElo "2310"]
[PlyCount "60"]
[EventDate "2012.??.??"]
[EventType "swiss"]
[EventRounds "9"]
[EventCountry "DEN"]

1. f4 g6 2. Nf3 Bg7 3. g3 Nf6 4. Bg2 O-O 5. O-O c5 6. d3 d5 7. Nc3 d4 8. Ne4
Nbd7 9. Nxf6+ Nxf6 10. e4 dxe3 11. Bxe3 Ng4 12. Bxc5 Qc7 13. d4 Ne3 14. Qe2
Nxf1 15. Rxf1 Re8 16. Ne5 Be6 17. Qb5 Bxe5 18. fxe5 b6 19. Bxa8 Rxa8 20. Bxe7
Qxe7 21. d5 Bh3 22. Re1 Rc8 23. c4 Qg5 24. Qb4 Qg4 25. Qd2 Qxc4 26. d6 Qc5+ 27.
Kh1 Re8 28. b4 Qb5 29. Kg1 Rxe5 30. Rxe5 Qf1# 0-1

[Event "Copenhagen Chess Challenge 2012"]
[Site "Ballerup"]
[Date "2012.??.??"]
[Round "3"]
[White "Carstensen, Jacob"]
[Black "Skovgaard, Ib"]
[Result "1-0"]
[WhiteElo "2305"]
[BlackElo "2035"]
[PlyCount "39"]
[EventDate "2012.??.??"]
[EventType "swiss"]
[EventRounds "9"]
[EventCountry "DEN"]

1. d4 d5 2. c4 c6 3. Nf3 Nf6 4. Nc3 dxc4 5. a4 Bg4 6. Ne5 Bh5 7. Nxc4 Na6 8.
Qb3 e6 9. Bf4 Nb4 10. Rd1 Bg6 11. Rd2 Nfd5 12. Bg3 Be7 13. e4 Bg5 14. f4 Be7
15. exd5 exd5 16. Ne5 Qb6 17. Qd1 O-O 18. Nd7 Qa5 19. Nxf8 Bxf8 20. Be2 1-0

[Event "Copenhagen Chess Challenge 2012"]
[Site "Ballerup"]
[Date "2012.??.??"]
[Round "3"]
[White "Hove, Esben Kjems"]
[Black "Vesterli, Michael E"]
[Result "1-0"]
[WhiteElo "2247"]
[BlackElo "2030"]
[PlyCount "77"]
[EventDate "2012.??.??"]
[EventType "swiss"]
[EventRounds "9"]
[EventCountry "DEN"]

1. d4 Nf6 2. Nf3 e6 3. Bf4 d5 4. e3 c5 5. c3 Nc6 6. Nbd2 b6 7. Bd3 Be7 8. h3
Bb7 9. O-O O-O 10. Bh2 Qc8 11. Re1 Rd8 12. Qb1 Ba6 13. Bc2 h6 14. a3 Qd7 15. b4
Bb7 16. b5 Na5 17. Ne5 Qe8 18. a4 Rac8 19. Nb3 Nc4 20. dxc5 Bxc5 21. Nxc4 dxc4
22. Nd4 Nd5 23. Qb2 Qe7 24. Nf3 Bd6 25. Bxd6 Rxd6 26. Be4 Qf6 27. Rad1 Rcd8 28.
Rd4 Rc8 29. Red1 Rc5 30. Bb1 e5 31. R4d2 Re6 32. Be4 Rd6 33. Qc2 g6 34. Nh2 Qe7
35. Bf3 Rd7 36. e4 Nf6 37. Rxd7 Nxd7 38. Ng4 h5 39. Rxd7 1-0

[Event "Copenhagen Chess Challenge 2012"]
[Site "Ballerup"]
[Date "2012.??.??"]
[Round "3"]
[White "Wilbrandt, Simon Pil"]
[Black "Brondt, Nicolai Kvist"]
[Result "0-1"]
[WhiteElo "1949"]
[BlackElo "2138"]
[PlyCount "110"]
[EventDate "2012.??.??"]
[EventType "swiss"]
[EventRounds "9"]
[EventCountry "DEN"]

1. d4 d5 2. c4 c6 3. Nc3 Nf6 4. e3 a6 5. Nf3 b5 6. b3 Bf5 7. Ne5 h6 8. g4 Be4
9. f3 Bh7 10. f4 Ne4 11. Bd2 e6 12. Nf3 Be7 13. h4 Ng3 14. Rh3 Nxf1 15. Kxf1
Nd7 16. c5 Be4 17. Be1 a5 18. Nxe4 dxe4 19. Ne5 Nxe5 20. fxe5 a4 21. b4 Qd5 22.
Qe2 O-O-O 23. Qg2 Rdf8 24. Ke2 f6 25. exf6 Rxf6 26. g5 Qc4+ 27. Kd1 Qd3+ 28.
Qd2 Qxd2+ 29. Kxd2 hxg5 30. hxg5 Rxh3 31. gxf6 Bxf6 32. Ke2 Rh2+ 33. Bf2 Bh4
34. Rf1 Kd7 35. Ke1 Rxf2 36. Rxf2 Ke7 37. Kf1 Bxf2 38. Kxf2 Kf6 39. a3 Kf5 40.
Kg3 Kg5 41. Kh3 Kh5 42. Kg3 g5 43. Kh3 g4+ 44. Kg3 Kg5 45. Kf2 Kh4 46. Kg2 g3
47. Kg1 g2 48. Kxg2 Kg4 49. Kf2 Kh3 50. Kf1 Kg3 51. Ke1 Kf3 52. Kf1 Kxe3 53.
Ke1 Kxd4 54. Kd2 e3+ 55. Ke2 Ke4 0-1

[Event "Copenhagen Chess Challenge 2012"]
[Site "Ballerup"]
[Date "2012.??.??"]
[Round "3"]
[White "Haubro, Sigfred"]
[Black "Johansen, Johnny Holler"]
[Result "1-0"]
[WhiteElo "2135"]
[BlackElo "1967"]
[PlyCount "121"]
[EventDate "2012.??.??"]
[EventType "swiss"]
[EventRounds "9"]
[EventCountry "DEN"]

1. e4 e6 2. Be2 d5 3. d3 dxe4 4. dxe4 Qxd1+ 5. Bxd1 Nc6 6. Bd2 Nf6 7. Nc3 Bd7
8. a3 Bc5 9. Nf3 O-O-O 10. O-O Be8 11. e5 Ng4 12. Bg5 Rd7 13. b4 Be7 14. Bf4 f6
15. Re1 Ngxe5 16. Nxe5 Nxe5 17. Bxe5 fxe5 18. Bg4 Bf7 19. Rxe5 Bf6 20. Re3 Bd4
21. Rf3 Bf6 22. Re1 h5 23. Bh3 Bxc3 24. Rxc3 g5 25. g3 g4 26. Bf1 Rd2 27. Bc4
Rh6 28. f4 h4 29. Re2 Rd1+ 30. Kf2 hxg3+ 31. hxg3 Rh2+ 32. Ke3 Rh3 33. Rg2 Ra1
34. f5 Re1+ 35. Kf4 Rhh1 36. Bxe6+ Bxe6 37. fxe6 Rxe6 38. Kxg4 Rh8 39. Rc5 Re3
40. c3 b6 41. Rc4 Rd3 42. Kf4 Rf8+ 43. Ke4 Rff3 44. g4 Rfe3+ 45. Kf5 Rd5+ 46.
Kf4 Ree5 47. Re4 Rxe4+ 48. Kxe4 Rd1 49. g5 Re1+ 50. Kf5 Rf1+ 51. Ke6 Re1+ 52.
Kf7 Rf1+ 53. Kg8 Kd7 54. g6 Ke7 55. g7 Rh1 56. Re2+ Kd7 57. b5 Kd6 58. a4 Kd5
59. Re7 Kd6 60. Rf7 Ke6 61. Rxc7 1-0

[Event "Copenhagen Chess Challenge 2012"]
[Site "Ballerup"]
[Date "2012.??.??"]
[Round "3"]
[White "Ulrich, Thomas"]
[Black "Maack, Kjartan"]
[Result "1-0"]
[WhiteElo "1933"]
[BlackElo "2133"]
[PlyCount "65"]
[EventDate "2012.??.??"]
[EventType "swiss"]
[EventRounds "9"]
[EventCountry "DEN"]

1. e4 e6 2. d4 d5 3. Nd2 Nf6 4. e5 Nfd7 5. c3 c5 6. Bd3 Nc6 7. Ne2 cxd4 8. cxd4
f6 9. exf6 Nxf6 10. Nf3 Bd6 11. O-O Qc7 12. g3 O-O 13. Bf4 Ng4 14. Bxd6 Qxd6
15. Nc3 e5 16. dxe5 Qh6 17. h4 Rxf3 18. Qxf3 Ngxe5 19. Qxd5+ Be6 20. Qe4 Rd8
21. Be2 Rd4 22. Qe3 Qg6 23. f4 Ng4 24. Bxg4 Bxg4 25. Rae1 Rd3 26. f5 Rxe3 27.
fxg6 Rxg3+ 28. Kh2 Rh3+ 29. Kg2 hxg6 30. Re8+ Kh7 31. Ne4 Rxh4 32. Ng5+ Kh6 33.
Nf7+ 1-0

[Event "Copenhagen Chess Challenge 2012"]
[Site "Ballerup"]
[Date "2012.??.??"]
[Round "3"]
[White "Hansen, Rasmus Agertoft"]
[Black "Nielsen, Klaus"]
[Result "0-1"]
[WhiteElo "1923"]
[BlackElo "2092"]
[PlyCount "116"]
[EventDate "2012.??.??"]
[EventType "swiss"]
[EventRounds "9"]
[EventCountry "DEN"]

1. d4 d5 2. c4 e6 3. Nc3 c5 4. e3 Nf6 5. Nf3 a6 6. a3 dxc4 7. Bxc4 b5 8. Bd3 c4
9. Bc2 Bb7 10. O-O Nbd7 11. e4 Qc7 12. Re1 Be7 13. d5 e5 14. h3 h6 15. Ne2 g6
16. Bd2 Bd6 17. Rc1 Nb6 18. Ba5 Nfd7 19. Qd2 Qd8 20. Ng3 Qe7 21. Red1 Nc8 22.
Bc3 Qf6 23. Nf1 Ne7 24. Ne3 Qg7 25. Ng4 f6 26. Ne3 O-O 27. Nh4 Bc8 28. Ra1 Nc5
29. a4 Bd7 30. axb5 axb5 31. Bb4 Qf7 32. Ng4 Bxg4 33. hxg4 g5 34. Nf5 Nxf5 35.
gxf5 Rfd8 36. g3 Ra7 37. Rac1 Qe7 38. Bxc5 Bxc5 39. Qe2 Qf7 40. Kg2 Bd4 41. Bb1
Kg7 42. Rh1 Rh8 43. f4 gxf4 44. gxf4 h5 45. Rh3 exf4 46. Rch1 Ra1 47. d6 Kf8
48. Kf3 Rg8 49. Kxf4 Be5+ 50. Ke3 Bxd6 51. Rxh5 Qa7+ 52. Kd2 Qd4+ 53. Kc2 b4
54. Rf1 Be5 55. Kc1 Bf4+ 56. Rxf4 Rg1+ 57. Rf1 Rxf1+ 58. Qxf1 Qe3+ 0-1

[Event "Copenhagen Chess Challenge 2012"]
[Site "Ballerup"]
[Date "2012.??.??"]
[Round "3"]
[White "Haubro, Martin"]
[Black "Kokholm, Daniel"]
[Result "1/2-1/2"]
[WhiteElo "2092"]
[BlackElo "1925"]
[PlyCount "119"]
[EventDate "2012.??.??"]
[EventType "swiss"]
[EventRounds "9"]
[EventCountry "DEN"]

1. e4 d5 2. exd5 Qxd5 3. Nc3 Qa5 4. Bc4 Nf6 5. d4 c6 6. Bd2 Qb6 7. Nge2 Qxb2 8.
Rb1 Qa3 9. O-O Qd6 10. Bf4 Qd8 11. Qd3 g6 12. Ng3 Bg7 13. d5 b5 14. dxc6 Qxd3
15. Bxd3 a6 16. c7 Nbd7 17. a4 O-O 18. axb5 axb5 19. Nxb5 h5 20. h4 Nc5 21. Be3
Nxd3 22. cxd3 Nd5 23. Rfc1 Be5 24. Bh6 Re8 25. Rc5 Be6 26. Ne4 Rec8 27. Rbc1
Kh7 28. Bd2 f6 29. g3 Ra1 30. Rxa1 Bxa1 31. d4 Ra8 32. Kg2 Kg7 33. Nbc3 Bxc3
34. Nxc3 Nxc3 35. Rxc3 Rc8 36. Bf4 Kf7 37. Kf3 Bd5+ 38. Ke3 Ke8 39. Rc5 e6 40.
Rb5 Bc6 41. Rb8 Kd7 42. Kd3 Bf3 43. Kc4 g5 44. hxg5 fxg5 45. Be5 h4 46. gxh4
gxh4 47. Kc5 h3 48. Rb3 Rf8 49. Rb8 Rc8 50. Bh2 Bd5 51. Rxc8 Kxc8 52. Kd6 Bc4
53. f3 Bd5 54. f4 Bc4 55. Bg3 Bb3 56. f5 exf5 57. d5 Ba4 58. Ke7 Bd7 59. Bf4
Bb5 60. Bh2 1/2-1/2

[Event "Copenhagen Chess Challenge 2012"]
[Site "Ballerup"]
[Date "2012.??.??"]
[Round "3"]
[White "Rydstrom, Tom"]
[Black "Nielsen, Thomas (1994)"]
[Result "1-0"]
[WhiteElo "2037"]
[BlackElo "1616"]
[PlyCount "68"]
[EventDate "2012.??.??"]
[EventType "swiss"]
[EventRounds "9"]
[EventCountry "DEN"]

1. e4 e6 2. d4 d5 3. Nc3 c5 4. exd5 exd5 5. dxc5 Bxc5 6. Qxd5 Qe7+ 7. Qe4 Be6
8. Bb5+ Nd7 9. Be3 Ngf6 10. Qxb7 O-O 11. Bxc5 Qxc5 12. Qc6 Qe5+ 13. Be2 Rfc8
14. Qf3 Rab8 15. Qe3 Qa5 16. Qd2 Rxb2 17. Nd1 Qxd2+ 18. Kxd2 Rbxc2+ 19. Ke1
Rxa2 20. Rxa2 Bxa2 21. Nf3 a5 {O-O a4} 22. Ne3 Bb3 23. Nd4 Bd5 {Rd1 Bb3 Rb1 Be6
} 24. Bb5 {a3 Ra1} Rc3 25. Nd1 Rc7 {Rxa3 g6 Ra1 Ne5} 26. Ne3 {Bd7 Be2 Neg4 Nc4
Nh6 Ne3 Nhg4 Nc4 Nh6 Nd6 Kg7 f3} Ne8 {Ne4 Nf5} 27. Nb3 Nd6 {Nec5 Bb5 Bxb5 Nxb5
Ne4 Rc2 Re1 Nh4 Nf2 h5} 28. Rf1 Nf5 {Re1 Nc3} 29. g3 {Nd5 Ne4} Nxe3 30. Nd4 {
Ra2 Nf2} Nc2+ 31. Nxc2 Rxc2 {Ne4 Nf6 Ng5 Rc7} 32. h4 Kf8 {Ra1 Re7 Kf2 Kg8 Ra6
Nh7 Ne4 Rb7 Ke3 Kg7 Kf4 Re7 Rb6 Nf8 Ng5 Ne6+ Nxe6+ Rxe6 Rxe6 fxe6 Ke5 Kf7} 33.
g4 {hxg4 fxg4} Ke7 34. g5 {Kf7} Kd6 {Kf8 Kxe6 Kg7 Ke7} 1-0

[Event "Copenhagen Chess Challenge 2012"]
[Site "Ballerup"]
[Date "2012.??.??"]
[Round "3"]
[White "Bendixen, Daniel"]
[Black "Olsen, Michael Richard W"]
[Result "1-0"]
[WhiteElo "1837"]
[BlackElo "2023"]
[PlyCount "113"]
[EventDate "2012.??.??"]
[EventType "swiss"]
[EventRounds "9"]
[EventCountry "DEN"]

1. e4 e6 2. d4 d5 3. Nc3 dxe4 4. Nxe4 Be7 5. Nf3 Nf6 6. Nxf6+ Bxf6 7. c3 O-O 8.
Bd3 Nd7 9. Qc2 h6 10. O-O c5 11. dxc5 Nxc5 12. Be2 Qc7 13. Be3 b6 14. Rad1 Bb7
15. Nd4 e5 16. Nf3 Ne6 17. Rd2 Rad8 18. Rfd1 Rxd2 19. Rxd2 Rd8 20. Qd1 Rxd2 21.
Qxd2 Qd8 22. Qxd8+ Nxd8 23. Nd2 Kf8 24. f3 Be7 25. g4 Bc6 26. Bd3 Ne6 27. Ne4
Nc7 28. Kf2 Nd5 29. Ng3 Nxe3 30. Kxe3 Bc5+ 31. Ke2 g6 32. Be4 Bxe4 33. Nxe4 Be7
34. Kd3 Ke8 35. Kc4 Kd7 36. Kd5 f6 37. b4 a6 38. a4 h5 39. gxh5 gxh5 40. Ng3 h4
41. Nf5 h3 42. Nxe7 Kxe7 43. a5 b5 44. c4 bxc4 45. Kxc4 Kd6 46. b5 axb5+ 47.
Kxb5 Kc7 48. Kc5 f5 49. Kd5 e4 50. fxe4 fxe4 51. Kxe4 Kb7 52. Kf4 Ka6 53. Kg4
Kxa5 54. Kxh3 Kb6 55. Kg4 Kc7 56. Kg5 Kd6 57. Kf6 1-0

[Event "Copenhagen Chess Challenge 2012"]
[Site "Ballerup"]
[Date "2012.??.??"]
[Round "3"]
[White "Kuntz, Lene"]
[Black "Andersen, Daniel"]
[Result "0-1"]
[WhiteElo "1701"]
[BlackElo "1895"]
[PlyCount "78"]
[EventDate "2012.??.??"]
[EventType "swiss"]
[EventRounds "9"]
[EventCountry "DEN"]

1. e4 c5 2. Nf3 d6 3. d4 cxd4 4. Nxd4 Nf6 5. Bd3 g6 6. O-O Bg7 7. c3 O-O 8. Nd2
Nc6 9. N2f3 Re8 10. Ng5 h6 11. Ngf3 e5 12. Nb5 a6 13. Na3 b5 14. Re1 d5 15.
exd5 Nxd5 16. Be4 Be6 17. Bd2 f5 18. Bb1 e4 19. Nd4 Nxd4 20. cxd4 Kh7 21. Nc2
Qd6 22. a3 a5 23. Ba2 Nf4 24. Bxe6 Rxe6 25. Bc3 Nd3 26. Re2 Ree8 27. Ne1 b4 28.
axb4 axb4 29. Rxa8 Rxa8 30. Bd2 Qxd4 31. Be3 Qd6 32. Rc2 f4 33. Bc5 Qd5 34.
Nxd3 exd3 35. Rd2 Qxc5 36. Rxd3 Bxb2 37. Qe2 Ra1+ 38. Rd1 Rxd1+ 39. Qxd1 Qc1
0-1

[Event "Copenhagen Chess Challenge 2012"]
[Site "Ballerup"]
[Date "2012.??.??"]
[Round "3"]
[White "Svane, Frederik"]
[Black "Philipsen, William Horup"]
[Result "0-1"]
[WhiteElo "1682"]
[BlackElo "1895"]
[PlyCount "76"]
[EventDate "2012.??.??"]
[EventType "swiss"]
[EventRounds "9"]
[EventCountry "DEN"]

1. e4 e5 2. Nf3 Nc6 3. Bb5 f5 4. Nc3 fxe4 5. Nxe4 Nf6 6. Nxf6+ Qxf6 7. O-O Bc5
8. Qe2 Nd4 9. Nxd4 Bxd4 10. c3 Bb6 11. Qh5+ g6 12. Qh6 c6 13. Ba4 d5 14. d3 Bf5
15. Bc2 Rf8 16. Be3 Kd7 17. Bxb6 axb6 18. Qxh7+ Rf7 19. Qh6 Rh8 20. Qe3 Rfh7
21. Qg3 Rh5 22. Rfe1 Bh3 23. Re3 Bxg2 24. Qxg2 Rxh2 25. Qxh2 Rxh2 26. Kxh2
Qxf2+ 27. Kh1 Qxe3 28. Rf1 Qe2 29. Rc1 Qf3+ 30. Kh2 Qf4+ 31. Kh3 Qxc1 32. Bb3
g5 33. Kg2 g4 34. Kg3 Qf4+ 35. Kg2 Qf3+ 36. Kh2 Qf2+ 37. Kh1 g3 38. Bxd5 Qf1#
0-1

[Event "Copenhagen Chess Challenge 2012"]
[Site "Ballerup"]
[Date "2012.??.??"]
[Round "3"]
[White "Jensen, Simon Stibolt"]
[Black "Knudsen, Jes West"]
[Result "1/2-1/2"]
[WhiteElo "1667"]
[BlackElo "1890"]
[PlyCount "27"]
[EventDate "2012.??.??"]
[EventType "swiss"]
[EventRounds "9"]
[EventCountry "DEN"]

1. e4 d5 2. exd5 Nf6 3. d4 Nxd5 4. c4 Nb6 5. Nf3 Bg4 6. Be3 e5 7. dxe5 Qxd1+ 8.
Kxd1 Nc6 9. Nbd2 Nxe5 10. Bxb6 Bxf3+ 11. Nxf3 O-O-O+ 12. Kc2 Nxf3 13. Bxa7 Ne5
14. Be3 1/2-1/2

[Event "Copenhagen Chess Challenge 2012"]
[Site "Ballerup"]
[Date "2012.??.??"]
[Round "3"]
[White "Petrovski, Petruli"]
[Black "Skovle, Lars"]
[Result "1-0"]
[WhiteElo "1879"]
[BlackElo "1621"]
[PlyCount "83"]
[EventDate "2012.??.??"]
[EventType "swiss"]
[EventRounds "9"]
[EventCountry "DEN"]

1. Nf3 f5 2. g3 Nf6 3. Bg2 g6 4. O-O Bg7 5. d3 O-O 6. Nbd2 d5 7. c4 Nc6 8. a3
e5 9. cxd5 Nxd5 10. e4 fxe4 11. dxe4 Nf6 12. Qc2 Qe7 13. b4 a6 14. Bb2 Bg4 15.
h3 Bxf3 16. Nxf3 Rad8 17. Rad1 Ne8 18. Rxd8 Qxd8 19. Rd1 Nd6 20. h4 h6 21. a4
Qe7 22. b5 axb5 23. axb5 Nd8 24. Ba3 N8f7 25. Kh2 g5 26. h5 g4 27. Nh4 Qg5 28.
Qe2 Qxh5 29. Bh3 Ng5 30. Bxg4 Qf7 31. Bxd6 cxd6 32. Nf5 Ne6 33. Rxd6 Nd4 34.
Nxd4 Qxf2+ 35. Qxf2 Rxf2+ 36. Kg1 Rb2 37. Nf5 Bf8 38. Rd5 b6 39. Nd6 Bxd6 40.
Rxd6 Rxb5 41. Rxh6 Rb3 42. Be6+ 1-0